Представление документа в формате RUSMARC

ПолеНазваниеЗначение
  Тип записи a
  Библиографический уровень a
001 Контрольный номер RU/CBS_UL/BASE/598209761
005 Дата корректировки 20240209175234.8
100 Данные общей обработки __
a Данные общей обработки 20181215d2018 ||| 0rusy0189 ca
101 Язык документа 0_
a Язык текста rus
102 Страна публикации __
a Страна публикации RU
105 Кодированные данные (монография) __
a Кодированные данные (монография) y###||||000|y
200 Заглавие и сведения об ответственности 1_
a Заглавие Особенности подготовки кадров для предприятий оборонно-промышленного комплекса
b Общее обозначение материала Текст
e Сведения, относящиеся к заглавию [Рыбинский государственный авиационный технический университет имени П. А. Соловьёва]
f Первые сведения об ответственности Т. Д. Кожина
300 Общие примечания __
a Общие примечания Ограничения по возрасту - +
320 Библиография __
a Библиография Библиогр.: с. 106
461 Уровень набора _0
1 2000
a Крылья Родины
463 Уровень физической единицы _0
1 001RU/CBS_UL/BASE/587834721
1 2000
a № 7-8
v С. 104-106 : фото
1 210
d 2018
606 Тематические рубрики 0_
a Основная рубрика Рыбинский государственный авиационный технический университет имени П. А. Соловьёва
y Географическая подрубрика Рыбинск, город (Ярославская область)
610 Ключевые слова 0_
a Ключевые слова авиационные кадры
a Ключевые слова кадры авиационные
a Ключевые слова подготовка авиационных кадров
a Ключевые слова авиационные университеты
a Ключевые слова университеты авиационные
a Ключевые слова Рыбинский государственный авиационный технический университет имени П. А. Соловьёва
a Ключевые слова РГАТУ имени П. А. Соловьёва
686 Индексы других классификаций __
a Классификационный индекс 74.48
2 Код системы ББК
700 Автор _1
a Фамилия Кожина
b Имя (инициалы) Т. Д.
801 Источник записи _0
a Страна RU
b Организация МБУК ЦБС г. Ульяновска
c Дата составления 20181215
g Правила каталогизации RCR
801 Источник записи _1
a Страна RU
b Организация МБУК ЦБС г. Ульяновска
c Дата составления 20181215
g Правила каталогизации RCR
901 Тип документа __
t Тип документа b
w Контрольный № источника RU/CBS_UL/BASE/587834721
910 Корректоры записи __
a Корректор записи Библиотека 2
938 Служебная информация __
a Имя БД period